Visualizzazione normale
Vista MARC
- White Maurice
di Personal Name
Records bibliografici associati: 1
001 - CONTROL NUMBER
- control field: 14917
003 - CONTROL NUMBER IDENTIFIER
- control field: IT-RoPau
005 - DATE AND TIME OF LATEST TRANSACTION
- control field: 20140226220041.0
008 - FIXED-LENGTH DATA ELEMENTS
- fixed length control field: 140226|| aca||aabn | a|a d
040 ## - CATALOGING SOURCE
- Original cataloging agency: IT-RoPau
- Transcribing agency: IT-RoPau
100 ## - HEADING--PERSONAL NAME
- Personal name: White Maurice
- Miscellaneous information: Codice autore musica SPICS: 23080
- Relator term: Autore musica
- Name of part/section of a work: Could It Be Right - Electric Nation - Sweet Sassy Lady - We're Living In Our Own Time - Spirit of a New World
670 ## - SOURCE DATA FOUND
- Source citation: Work cat.: (IT-RoPau)99572: AA.VV. 794, Electric Universe